• 首页
  • 本馆介绍
  • 公告通知
  • 最新文献
  • 馆藏检索
  • 电子资源
  • 读者导购
  • 参考咨询
  • 我的图书馆
  • 登录
  • 详细信息显示
  • 放入我的书架
  • 预约/预借图书
  • 作者相关作品
  • 分类相关作品
  • 丛书相关作品
  • 出版社相关作品

书目信息

  • 表格格式
  • 工作单格式
  • 卡片格式
题名:
化工(危险化学品)企业主要负责人安全管理知识问答
    
 
作者: ;中国化学品安全协会 主编
分册:  
出版信息: 北京   中国石化出版社  2018.01
页数: 205页
开本: 24cm
丛书名: 危险化学品安全管理知识问答系列
单 册:
中图分类: TQ086.5-44 , F426.7-44
科图分类:
主题词: 化工产品--危险物品管理--中国--安全培训--问题解答 , 工业经济--中国
电子资源:
ISBN: 978-7-5114-4787-6
000 01404oam2 2200277 450
001 383
005 20180925103734.40
010    @a978-7-5114-4787-6@dCNY55.00
100    @a20180412d2018 em y0chiy50 ea
101 0  @achi
102    @aCN@b110000
105    @ay zn 000yy
200 1  @a化工(危险化学品)企业主要负责人安全管理知识问答@9hua gong(wei xian hua xue pin)qi ye zhu yao fu ze ren an quan guan li zhi shi wen da@f中国化学品安全协会主编
205    @a2版
210    @a北京@c中国石化出版社@d2018.01
215    @a205页@d24cm
225 2  @a危险化学品安全管理知识问答系列
330    @a本书按照化工(危险化学品)企业主要负责人安全生产管理知识重点考核内容(第一版)的培训要求编写,涵盖企业主要负责人需要掌握的国家安全生产方针政策和法律法规、法律法规对企业主要负责人安全生产要求、安全生产责任制及安全生产规章制度、安全教育和培训、安全生产标准化和安全文化、化工过程安全管理、风险分级管控和隐患排查治理、危险化学品和重大危险源、特殊作业安全管理、设备完好性与特种设备安全、安全设施和安全仪表、职业病危害及其预防措施、应急管理、事故和事件管理等方面的内容。
461  0 @12001 @a危险化学品安全管理知识问答系列
606 0  @a化工产品@x危险物品管理@y中国@x安全培训@j问题解答
606 0  @a工业经济@x中国
690    @aTQ086.5-44@v5
690    @aF426.7-44@v4
711 02 @a中国化学品安全协会@9zhong guo hua xue pin an quan xie hui@4主编
801  0 @aCN@b91MARC@c20180412
905    @aMuseLib@dF426.7-44@e179=2
    
    化工(危险化学品)企业主要负责人安全管理知识问答/中国化学品安全协会主编.-2版.-北京:中国石化出版社,2018.01
    205页;24cm.-(危险化学品安全管理知识问答系列)
    
    
    ISBN 978-7-5114-4787-6:CNY55.00
    本书按照化工(危险化学品)企业主要负责人安全生产管理知识重点考核内容(第一版)的培训要求编写,涵盖企业主要负责人需要掌握的国家安全生产方针政策和法律法规、法律法规对企业主要负责人安全生产要求、安全生产责任制及安全生产规章制度、安全教育和培训、安全生产标准化和安全文化、化工过程安全管理、风险分级管控和隐患排查治理、危险化学品和重大危险源、特殊作业安全管理、设备完好性与特种设备安全、安全设施和安全仪表、职业病危害及其预防措施、应急管理、事故和事件管理等方面的内容。
●
相关链接 在E读中查询图书 在五车中查询图书 在当当中查询图书 在豆瓣中查询图书


正题名:化工(危险化学品)企业主要负责人安全管理知识问答     索取号:F426.7-44/179=2         预约/预借

序号 登录号 条形码 馆藏地/架位号 状态 备注
1 1119624   211196249   第一样本阅览室/ [索取号:F426.7-44/179=2] 在馆    
2 1119625   211196258   化学系资料室/ [索取号:F426.7-44/179=2] 在馆    
3 1119626   211196267   第一借阅区/ [索取号:F426.7-44/179=2] 在馆    
4 1119627   211196276   第一借阅区/ [索取号:F426.7-44/179=2] 在馆    
5 1119628   211196285   第一借阅区/ [索取号:F426.7-44/179=2] 在馆    
唐山师范学院图书馆 欢迎您!
大连网信软件有限公司© 版权所有